K odňatiu právomoci Ústavného súdu SR posudzovať ústavné zákony - kritické reflexie

Kritika ústavného zákona č. 422/2020 Z.z., ktorý obral Ústavný súd SR o právomoc posudzovať súlad ústavného zákona s ústavou. Poukázanie na to, že vylúčenie kontroly ústavného zákona s ústavou a koncepcia parlamentu ako jediného ústavodarcu, je v rozpore s hodnotami konštitucionalizmu a demokracie....

Full description

Saved in:
Bibliographic Details
Main Author: Ľalík, Tomáš
Format: Book Chapter
Language:Slovak
Subjects:
Tags: Add Tag
No Tags, Be the first to tag this record!

MARC

LEADER 00000naa a2200000 4500
001 0273919
005 20211202120018.5
041 0 |a slo 
044 |a SK 
245 1 0 |a K odňatiu právomoci Ústavného súdu SR posudzovať ústavné zákony - kritické reflexie  |c Tomáš Ľalík 
520 |a Kritika ústavného zákona č. 422/2020 Z.z., ktorý obral Ústavný súd SR o právomoc posudzovať súlad ústavného zákona s ústavou. Poukázanie na to, že vylúčenie kontroly ústavného zákona s ústavou a koncepcia parlamentu ako jediného ústavodarcu, je v rozpore s hodnotami konštitucionalizmu a demokracie. Pozornosť je upriamená na právne a faktické súvislosti, ktoré odzneli vo verejnom diskurze. 
610 2 0 |a kritika 
610 2 0 |a súdy ústavné 
610 2 0 |a zákony 
610 2 0 |a demokracia 
610 2 0 |a parlamenty 
100 1 |a Ľalík, Tomáš